"Basta de Alberdi!" (Record no. 161661)

MARC details
000 -LEADER
campo de control de longitud fija 00649nam a22001695i 4500
001 - NÚMERO DE CONTROL
campo de control 161661
003 - IDENTIFICADOR DE NÚMERO DE CONTROL
campo de control ES-MaACL
005 - FECHA Y HORA DE LA ÚLTIMA TRANSACCIÓN
campo de control 20251116063109.0
008 - DATOS DE LONGITUD FIJA--INFORMACIÓN GENERAL
campo de control de longitud fija 041022s1894 ag |||| | spa d
040 ## - FUENTE DE CATALOGACIÓN
Centro catalogador/agencia de origen CAM
Lengua de catalogación spa
Centro/agencia transcriptor CAM
100 1# - ENTRADA PRINCIPAL--NOMBRE DE PERSONA
Nombre de persona Peña, David,
Fechas asociadas al nombre 1862-1930
9 (RLIN) 90213
245 11 - MENCIÓN DEL TÍTULO
Título "Basta de Alberdi!"
Resto del título : "nada benéfico ha dado al país" /
Mención de responsabilidad, etc. refutación por David Peña.
260 ## - PUBLICACIÓN, DISTRIBUCIÓN, ETC.
Lugar de publicación, distribución, etc. Rosario de Santa-Fé :
Nombre del editor, distribuidor, etc. [s.n.],
Fecha de publicación, distribución, etc. 1894 (
Fabricante Tipografía Litrografía de La Capital)
300 ## - DESCRIPCIÓN FÍSICA
Extensión 36 p. ;
Dimensiones 24 cm.
852 ## - LOCALIZACIÓN
Ubicación ES-MaACL
Número de control de estantería T-845-F-10
Nota libre -- Enc. hol. conservando la cub. original
-- -- Enc. en un vol. facticio
Holdings
Estatus retirado Estado de pérdida Estado de daño No para préstamo Colección Biblioteca de origen Biblioteca actual Ubicación en estantería Fecha de adquisición Total de préstamos Signatura topográfica completa Código de barras Visto por última vez Precio de reemplazo Tipo de ítem Koha
        Colección de folletos Biblioteca del Ateneo de Madrid Biblioteca del Ateneo de Madrid Depósito folletos 17/01/2008   T-845-F-10 1169340 23/02/2023 23/02/2023 Folleto